000 00391nam a2200145 i 4500
001 bg
100 1 _aKUŻMIŃSKA, Maria
245 0 _aWłasności ciepłotechniczne elementów wielkowymiarowych /
_cMaria Kużmińska, Antoni Koral.
260 _aWarszawa,
_c1968.
700 1 _aKORAL, Antoni
040 _cBPK
041 _apol
942 _cKS
008 s pl f |000 0 pol
999 _c20615
_d20615
856 _uhttp://koha.tu.koszalin.pl/cgi-bin/koha/opac-detail.pl?biblionumber=20615
_yKatalog online BPK